Fast Typing - Fibonacci Numbers - Statistics

General Stats
  • This quiz has been taken 648 times
  • The average score is 8 of 19
Answer Stats
# % Correct
1
99%
2
99%
3
97%
5
90%
8
87%
13
77%
21
65%
34
54%
55
42%
89
31%
144
19%
233
9%
377
6%
610
4%
987
3%
1,597
2%
2,584
2%
4,181
2%
6,765
1%
No matching quizzes found
Score Distribution
Percent of People with Each Score
Percentile by Number Answered
Your Score History
You have not taken this quiz